=LDR 00000nam 2200000 4500 =001 INLIS000000000024587 =005 20130612123150 =008 ***********************************Ind** =035 ##$$0010-061300000024587 =041 ##$$a Ind =082 ##$$a 400 =090 ##$$a 400, Rob l =100 ##$$a Robins =245 ##$$a Linguistik umum, Sebuah pengantar, Ronins =260 ##$$a 1992 $b Yogyakarta =300 ##$$a 554 hlm, 23 cm =650 ##$$a Ilmu bahasa =850 ##$$a NBPNMAT